000 00816nam a2200253Ia 4500
003 OSt
005 20221005113042.0
006 a|||||r|||| 00| 0
007 ta
008 221004b |||||||| |||| 00| 0 pan d
020 _c200
024 _a3686
037 _b747, 12/03/2013, Bright Book Service
_cTextual
040 _aCRL
_cCRL
_bpan
041 _2pan
_apan
082 _aO153,1NGUx, Q2
100 _aਸਿੰਘ, ਗੁਰਦੀਪ
245 0 _aਗ਼ੁਲਖ਼
260 _aਦਿੱਲੀ
_bਮਨਪ੍ਰੀਤ ਪਰਕਾFਨ ਭਾਰਤ
_c2012
300 _a96ਪੰ
_ccm.
650 _aਪੰਜਾਬੀ ਸਾਹਿਤ
942 _hO153,1NGUx, Q2
_cTEXL
_2cc
999 _c1026894
_d1026894